000 00746nam a22002657a 4500
008 150608b xxu||||| |||| 00| 0 eng d
020 _a0078656095
041 0 _aeng
080 _a512.5
100 _aHolliday, Berchie ; Cuevas, Gilbert; [et. al]..
245 _aAlgebra 2 /
_cBerchie Holliday; Gilbert Cuevas; Beatrice; et. al.
260 _aUSA:
_bMcGraw-Hill;
_c2005.
300 _a892 f.:
_bme il.;
_c25 cm.
505 _aIndex: f.R87 - R103
650 0 _aAlgjebra
700 1 _aBerchie Holliday;
700 1 _aGilbert Cuevas;
700 1 _aBeatrice Moore-Harris;
700 1 _aJohn A. Carter
700 1 _aDaniel Marks;
700 1 _aRuth M. Casey;
700 1 _aRoger Day;
700 1 _aLinda M. Hayek;
942 _2udc
_cBK
999 _c1007
_d1007